000
00302nam a22001337a 4500
008
181019b xxu||||| |||| 00| 0 eng d
020
_a
9781933107813
041
_a
eng
080
_2
8 ED
_a
610.73
100
_a
2
101
_a
INF
245
_a
Rn Mental Health Nursing
_c
Knipa.A
942
_2
udc
_c
BK
999
_c
50194
_d
50194